[Event "Asian Hybrid"]
[Site "Tornelo INT"]
[Date "2021.05.28"]
[Round "8"]
[White "Tenuunbold, Battulga"]
[Black "Romero, Gladimir Chester"]
[Result "1/2-1/2"]
[WhiteElo "1753"]
[BlackElo "1519"]
[PlyCount "97"]
[EventDate "2021.05.21"]
[EventType "swiss"]
[EventRounds "9"]
[EventCountry "NET"]
[SourceTitle "CBM 202 Extra"]
[Source "ChessBase"]
[SourceDate "2021.07.31"]
[SourceVersion "1"]
[SourceVersionDate "2021.07.31"]
[SourceQuality "1"]

1. d4 Nf6 2. c4 e6 3. Nc3 d5 4. cxd5 exd5 5. Bg5 Be7 6. Qc2 0-0 7. e3 Nbd7 8. Bd3 Re8 9. Nf3 Nf8 10. 0-0 Ng6 11. Ne5 Ng4 12. Bxe7 Rxe7 13. Nxg4 Bxg4 14. f3 Bc8 15. Qf2 c6 16. Rad1 Qd6 17. Bc2 Bd7 18. e4 Nf4 19. e5 Qh6 20. Qd2 f6 21. Ne2 fxe5 22. dxe5 Nxe2+ 23. Qxe2 Qh5 24. Rde1 Rae8 25. f4 Qxe2 26. Rxe2 c5 27. Rd2 Bb5 28. Rc1 Rd8 29. Be4 b6 30. Rxd5 Rxd5 31. Bxd5+ Kf8 32. e6 Re8 33. Re1 Ke7 34. Re5 Kd6 35. Kf2 Ba6 36. h4 Bc8 37. h5 Bxe6 38. Bxe6 Rxe6 39. Rxe6+ Kxe6 40. Ke3 Kd5 41. g4 g6 42. h6 b5 43. f5 g5 44. Kd3 Ke5 45. a3 a6 46. Kc3 Kd5 47. Kd2 Ke5 48. Ke3 Kd5 49. Kd3 1/2-1/2

[Event "Asian Hybrid"]
[Site "Tornelo INT"]
[Date "2021.05.24"]
[Round "4"]
[White "Abu Sufian, Sakil"]
[Black "Romero, Gladimir Chester"]
[Result "1-0"]
[WhiteElo "2242"]
[BlackElo "1519"]
[PlyCount "89"]
[EventDate "2021.05.21"]
[EventType "swiss"]
[EventRounds "9"]
[EventCountry "NET"]
[SourceTitle "CBM 202 Extra"]
[Source "ChessBase"]
[SourceDate "2021.07.31"]
[SourceVersion "1"]
[SourceVersionDate "2021.07.31"]
[SourceQuality "1"]

1. e4 c6 2. d4 d5 3. exd5 cxd5 4. c4 Nf6 5. Nc3 e6 6. Nf3 Nc6 7. Bg5 Bb4 8. Bd3 dxc4 9. Bxc4 h6 10. Bh4 g5 11. Bg3 Ne4 12. 0-0 Nxc3 13. bxc3 Bxc3 14. Rc1 Bb4 15. d5 exd5 16. Bxd5 Be6 17. Bxc6+ bxc6 18. Qa4 a5 19. Rfd1 Bd5 20. Rxc6 0-0 21. Rcc1 Ra7 22. Ne5 f6 23. Qb5 fxe5 24. Rxd5 Qf6 25. Rxe5 Bd6 26. Qc4+ Qf7 27. Qxf7+ Kxf7 28. Rf5+ Kg6 29. Rb5 Bxg3 30. hxg3 Rd8 31. Rc6+ Kg7 32. Rbb6 Rd1+ 33. Kh2 Rd2 34. f3 Rxa2 35. Rxh6 Re7 36. Rhg6+ Kf7 37. Rxg5 a4 38. Ra5 Ree2 39. Kh3 a3 40. Ra7+ Re7 41. Rxe7+ Kxe7 42. Ra6 Ra1 43. g4 a2 44. Kg3 Kf7 45. g5 1-0

[Event "Asian Hybrid"]
[Site "Tornelo INT"]
[Date "2021.05.21"]
[Round "1"]
[White "Romero, Gladimir Chester"]
[Black "Mohamad, Ervan"]
[Result "0-1"]
[WhiteElo "1519"]
[BlackElo "2356"]
[PlyCount "136"]
[EventDate "2021.05.21"]
[EventType "swiss"]
[EventRounds "9"]
[EventCountry "NET"]
[SourceTitle "CBM 202 Extra"]
[Source "ChessBase"]
[SourceDate "2021.07.31"]
[SourceVersion "1"]
[SourceVersionDate "2021.07.31"]
[SourceQuality "1"]

1. e4 c5 2. Nc3 a6 3. a4 e6 4. Bc4 Nf6 5. e5 d5 6. exd6 Bxd6 7. Nf3 b6 8. 0-0 0-0 9. d3 Qc7 10. Ne4 Nxe4 11. dxe4 Bb7 12. Qe2 Nc6 13. h3 Na5 14. Bd2 Nxc4 15. Qxc4 b5 16. Qe2 Qc6 17. e5 Bc7 18. Ne1 c4 19. f4 b4 20. Nf3 Bb6+ 21. Kh2 c3 22. bxc3 bxc3 23. Be1 a5 24. Qb5 Rfc8 25. Qxc6 Rxc6 26. Bg3 Ba6 27. Rfd1 Be2 28. Rd7 Bxf3 29. gxf3 Rd8 30. Rad1 Rxd7 31. Rxd7 h6 32. Rb7 Bc5 33. Kg2 Ba3 34. Rb3 Bb4 35. Be1 Rc4 36. Kg3 Kh7 37. Bf2 Kg6 38. Be3 Rc8 39. Kf2 Kf5 40. Rb1 Rc4 41. Ke2 Bf8 42. Ra1 Be7 43. Kd3 Rc8 44. Rb1 Bb4 45. Rg1 g6 46. Ke2 Bc5 47. Rd1 Bxe3 48. Kxe3 f6 49. Rd7 g5 50. fxg5 hxg5 51. exf6 Kxf6 52. Ra7 Rh8 53. Rxa5 Rxh3 54. Ke4 Rh2 55. Kd3 Rf2 56. Kxc3 Rxf3+ 57. Kd4 g4 58. Ra8 Ra3 59. a5 g3 60. Rg8 Kf5 61. c4 Kf4 62. c5 Ra4+ 63. Kd3 Rxa5 64. Rf8+ Kg4 65. Kd4 g2 66. Rg8+ Kf3 67. c6 Rd5+ 68. Kc4 Rd1 0-1

[Event "Nizami Ganjavi 880 years U17"]
[Site "Tornelo INT"]
[Date "2021.04.04"]
[Round "9.1"]
[White "Pingin, Artem"]
[Black "Romero, Gladimir Chester"]
[Result "0-1"]
[WhiteElo "2347"]
[BlackElo "1519"]
[PlyCount "112"]
[EventDate "2021.04.02"]
[EventType "team-swiss (blitz)"]
[EventRounds "9"]
[EventCountry "AZE"]
[SourceTitle "EXT 2023"]
[Source "ChessBase"]
[SourceDate "2022.10.05"]
[SourceVersion "1"]
[SourceVersionDate "2022.10.05"]
[SourceQuality "1"]
[WhiteTeam "Russia"]
[BlackTeam "Philippines"]
[WhiteTeamCountry "RUS"]
[BlackTeamCountry "PHI"]

1. e4 c5 2. Nf3 e6 3. d4 cxd4 4. Nxd4 Nf6 5. Nc3 Nc6 6. Ndb5 d6 7. Bf4 e5 8. Bg5 a6 9. Na3 b5 10. Nd5 Be7 11. Bxf6 Bxf6 12. c4 b4 13. Nc2 a5 14. g3 0-0 15. Bg2 g6 16. 0-0 Bg7 17. Qd2 Be6 18. Rad1 h5 19. b3 h4 20. Nde3 h3 21. Bf3 a4 22. Qxd6 Nd4 23. Rxd4 exd4 24. Qxd8 Rfxd8 25. Nd5 d3 26. Ncxb4 axb3 27. axb3 d2 28. Rd1 Rdb8 29. Ne7+ Kf8 30. Nec6 Rb6 31. e5 Ra3 32. Rxd2 Bh6 33. Rd8+ Kg7 34. Bd1 Ra1 35. Kf1 Bg4 36. Ke1 Bf3 37. Rd6 Rc1 38. c5 Rb5 39. Rd3 Rxd1+ 40. Rxd1 Rxc5 41. Ra1 Bxc6 42. f4 Be4 43. Kf2 Rc3 44. Ra3 g5 45. Na2 Rc2+ 46. Ke3 Bf5 47. Nb4 Rxh2 48. Nd5 Rb2 49. Nf6 h2 50. Ra8 Kg6 51. g4 h1Q 52. Rg8+ Bg7 53. gxf5+ Kxf5 54. Rxg7 Qc1+ 55. Kd4 Rd2+ 56. Ke3 Qc3# 0-1

[Event "Thailand Pattaya U12 op 2nd"]
[Site "Pattaya"]
[Date "2019.10.23"]
[Round "9"]
[White "Andres, Chergaets S"]
[Black "Romero, Gladimir Chester"]
[Result "0-1"]
[WhiteElo "1175"]
[BlackElo "1498"]
[PlyCount "54"]
[EventDate "2019.10.19"]
[EventType "swiss"]
[EventRounds "9"]
[EventCountry "THA"]
[SourceTitle "CBM 193 Extra"]
[Source "ChessBase"]
[SourceDate "2020.01.31"]
[SourceVersion "1"]
[SourceVersionDate "2020.01.31"]
[SourceQuality "1"]

1. e4 c5 2. d3 e6 3. Nd2 d5 4. Ngf3 Nc6 5. g3 Nf6 6. Bg2 Bd6 7. 0-0 0-0 8. Re1 Nd7 9. Nf1 Rb8 10. h4 h6 11. N3h2 f5 12. exf5 exf5 13. Nd2 Nb6 14. Ndf1 f4 15. Nf3 fxg3 16. fxg3 Bg4 17. Qe2 Nd4 18. Qf2 Bxf3 19. Bxf3 Nxf3+ 20. Kh1 Nxe1 21. Qxe1 Qf6 22. Nh2 Rbe8 23. Qd1 Bxg3 24. Bxh6 Qxh4 25. Qg1 Re2 26. Bxg7 Rxh2+ 27. Qxh2 Qxh2# 0-1

[Event "Thailand Pattaya U12 op 2nd"]
[Site "Pattaya"]
[Date "2019.10.20"]
[Round "3"]
[White "Romero, Gladimir Chester"]
[Black "Sai, Han Thiha"]
[Result "0-1"]
[WhiteElo "1498"]
[BlackElo "1749"]
[PlyCount "50"]
[EventDate "2019.10.19"]
[EventType "swiss"]
[EventRounds "9"]
[EventCountry "THA"]
[SourceTitle "CBM 193 Extra"]
[Source "ChessBase"]
[SourceDate "2020.01.31"]
[SourceVersion "1"]
[SourceVersionDate "2020.01.31"]
[SourceQuality "1"]

1. e4 e5 2. Nf3 Nc6 3. Bc4 Bc5 4. c3 Nf6 5. d3 d6 6. h3 0-0 7. b4 Bb6 8. Bg5 h6 9. Bh4 Be6 10. Nbd2 g5 11. Bg3 Ne7 12. Qb3 Bxc4 13. Nxc4 Ng6 14. Ne3 Nh5 15. Ng4 Kg7 16. d4 Nhf4 17. Bxf4 Nxf4 18. 0-0-0 exd4 19. Nxd4 Bxd4 20. cxd4 a5 21. b5 a4 22. Qf3 c6 23. g3 Ng6 24. Ne3 Rh8 25. Nf5+ Kg8 0-1